000 00540nam a22001697a 4500
005 20260218113144.0
008 260218b |||||||| |||| 00| 0 eng d
020 _a9789393875495
040 _cVITAP
082 _223rd Ed.
_a796.358 HIN
100 _aThe Hindu Group
_917059
245 _aSportstar Hockey and India A Golden Legacy
_c/ The Hindu Group
260 _aChennai
_bTHG (The Hindu Group) Publishing Private Limited
_c2023
300 _a192p. : ill. ; 33cm
650 0 _aField hockey - India - History
_917064
942 _2ddc
_cREF
999 _c47264
_d47264